书目信息 |
| 题名: |
园林绿化养护从入门到精通
|
|
| 作者: | 李雷 主编 | |
| 分册: | ||
| 出版信息: | 北京 化学工业出版社 2015 |
|
| 页数: | 195页 | |
| 开本: | 24cm | |
| 丛书名: | 就业上岗从入门到精通系列 | |
| 单 册: | ||
| 中图分类: | S73 | |
| 科图分类: | ||
| 主题词: | 园林--yuan lin--绿化 | |
| 电子资源: | ||
| ISBN: | 978-7-122-23203-8 | |
| 000 | 01032nam 2200265 450 | |
| 001 | 012001002652 | |
| 005 | 20131015111504.0 | |
| 010 | @a978-7-122-23203-8@dCNY39.00 | |
| 099 | @aCAL 012015092531 | |
| 100 | @a20150804d2015 em y0chiy50 ea | |
| 101 | 0 | @achi |
| 102 | @aCN@b110000 | |
| 105 | @aak z 000yy | |
| 106 | @ar | |
| 200 | 1 | @a园林绿化养护从入门到精通@Ayuan lin lv hua yang hu cong ru men dao jing tong@f李雷主编 |
| 210 | @a北京@c化学工业出版社@d2015 | |
| 215 | @a195页@c图@d24cm | |
| 225 | 2 | @a就业上岗从入门到精通系列@Ajiu ye shang gang cong ru men dao jing tong xi lie |
| 330 | @a本书首先介绍入门必知的知识--常见园林绿化植物、园林绿化常用工具使用与保养, 再详细介绍园林绿化中各项具体的工作--草坪建植与养护、园林树木的养护与管理、园林花卉栽植与养护、水生植物的栽植与养护等的原则、方法、步骤和注意事项。 | |
| 410 | 0 | @12001@a就业上岗从入门到精通系列 |
| 606 | 0 | @a园林@Ayuan lin@x绿化 |
| 690 | @aS73@v5 | |
| 701 | 0 | @a李雷@Ali lei@4主编 |
| 801 | 0 | @aCN@b北京卓展@c20191020 |
| 905 | @b1205566-9@dS73@e135@f4 | |
| 园林绿化养护从入门到精通/李雷主编.-北京:化学工业出版社,2015 |
| 195页:图;24cm.-(就业上岗从入门到精通系列) |
| ISBN 978-7-122-23203-8:CNY39.00 |
| 本书首先介绍入门必知的知识--常见园林绿化植物、园林绿化常用工具使用与保养, 再详细介绍园林绿化中各项具体的工作--草坪建植与养护、园林树木的养护与管理、园林花卉栽植与养护、水生植物的栽植与养护等的原则、方法、步骤和注意事项。 |
| ● |
| 相关链接 |
|
|
|
|
正题名:园林绿化养护从入门到精通
索取号:S73/135
 
预约/预借
| 序号 | 登录号 | 条形码 | 馆藏地/架位号 | 状态 | 备注 |
| 1 | 1205566 | 212055666 | 第二样本阅览室/ [索取号:S73/135] | 在馆 | |
| 2 | 1205567 | 212055675 | 第三借阅区/ [索取号:S73/135] | 在馆 | |
| 3 | 1205568 | 212055684 | 第三借阅区/ [索取号:S73/135] | 在馆 | |
| 4 | 1205569 | 212055693 | 第三借阅区/ [索取号:S73/135] | 在馆 |